Simple strategies for teaching children at risk, K-5

Saved in:
Bibliographic Details
Main Author: STORMONT, Melissa Thomas, Cathy Newman
Format: Book
Language:English
Published: Corwin Press 2014
Tags: Add Tag
No Tags, Be the first to tag this record!

MARC

LEADER 00000nam a22000007a 4500
008 210119b ||||| |||| 00| 0 eng d
020 |a 978-1-4522-6841-5 
100 |a STORMONT, Melissa  |a Thomas, Cathy Newman 
245 |a Simple strategies for teaching children at risk, K-5  |c Melissa Stormont, Cathy Newman Thomas  |g ix, 114p.: ill. 
260 |b Corwin Press  |c 2014  |h Thousand Oaks, California  |i 692527  |i 692528  |l LC4801 .St7  |m Problem children – Education  |m Effective teaching  |m Education, Elementary 
500 |a “It includes references and index”. 
942 |a lcc  |c BK  |e O.A.JOHNSON  |f 19/01/21 
952 |0 0  |1 0  |2 lcc  |4 0  |6 LC4801 S T7  |7 0  |9 1226  |a ED  |b HOL  |d 2021-01-19  |l 0  |o LC4801 .St7  |p 2021-0044  |r 2021-01-19 00:00:00  |w 2021-01-19  |y BK 
952 |0 0  |1 0  |2 lcc  |4 0  |6 LC4801 S T7  |7 0  |9 1227  |a HOL  |b HOL  |d 2021-01-19  |l 0  |o LC4801 .St7  |p 2021-0045  |r 2021-01-19 00:00:00  |w 2021-01-19  |y BK 
999 |c 639  |d 639